000 00521nam a2200193Ia 4500
005 20250326143547.0
008 250326s9999 xx 000 0 und d
037 _aTextbook
040 _aFMSL
_beng
_cFMSL
041 _aeng
_2eng
084 _aX:87 P4
_qFMSL
100 _aSchein E H
245 0 _aOrganizational culture and leadership
_cSchein E H
250 _a3
260 _aSan Francisco
_bSan Francisco, Jossey-Bass
_c2004
300 _a434p
942 _cTB
_hX:87 P4
999 _c1300088
_d1300088